00595nam a2200181Ia 4500020001800000082002100018100001800039245005800057260003900115300001000154504001900164650003700183650003800220650005300258650004200311650003000353650003000383 a81-7036-682-8 a305.800954 MAL-; aMallick, Ross 0aDevelopment, ethnicity and human rights in South Asia aNew DelhibSage Publicationsc1998 a375p. aIncludes index aSouth Asia - Economic conditions aRegional disparities - South Asia aSouth Asia - Ethnic relations - Economic aspects aEconomic development - Social aspects aHuman rights - South Asia aHuman rights - South Asia